000 00244nam a22001097a 4500
040 _cSK
082 _a664
100 _aFAO
245 _aAppropriate food packaging solutions for developing countries
260 _aGERMANY
_bFAO
_c2011
942 _cEK
999 _c9251
_d9251